Vznik rozmerov súčiastky : Diplomová práca

Na minha lista:
Detalhes bibliográficos
Autor principal: Batková, Zdenka (Author)
Outros Autores: Békés, Ján (xxx)
Formato: Manuscrito Livro
Idioma:eslovaco
Publicado em: Trnava : STU v Bratislave MtF KOM, 1997
Assuntos:
Tags: Adicionar Tag
Sem tags, seja o primeiro a adicionar uma tag!

MARC

LEADER 00000ntm a22000003a 4500
001 stu72917
005 20160719155111.2
008 011206s1997----xo------------------slo-d
040 |a STU  |b slo 
041 0 |a slo 
044 |a xo 
100 1 |a Batková, Zdenka  |4 aut 
245 1 |a Vznik rozmerov súčiastky :  |b Diplomová práca 
260 |a Trnava :  |b STU v Bratislave MtF KOM,  |c 1997 
300 |a 61 s 
650 7 |a Súčiastky  |2 stusub 
650 7 |a Strojárska technológia-obrábanie  |2 stusub 
700 1 |a Békés, Ján  |4 xxx  |u M160  |U MTF Ústav výrobných technológií  |T MTF Katedra obrábania a montáže  |U M160  |Y M160 
996 |b 284M033674  |c M*DP-1816  |l MMSKP  |s P  |a 0  |w stu72917_0001